Entry Nombre personal
001 - NÚMERO DE CONTROL
- campo de control: 74261
003 - IDENTIFICADOR DE NÚMERO DE CONTROL
- campo de control: SpMaBN
005 - FECHA Y HORA DE LA ÚLTIMA TRANSACCIÓN
- campo de control: 20231213210239.0
008 - ELEMENTOS DE DATO DE LONGITUD-FIJA
- campo de control de longitud fija: 980121n| aijnnaabn |a aaa
016 ## - NÚMERO DE CONTROL DE UNA AGENCIA BIBLIOGRÁFICA NACIONAL
- Número de control del registro: BNE19980048686
024 7# - IDENTIFICADOR DE OTROS ESTÁNDARES
- Número estándar o código: http://viaf.org/viaf/43745985/
- Fuente: viaf
024 7# - IDENTIFICADOR DE OTROS ESTÁNDARES
- Número estándar o código: https://isni.org/isni/000000005920595X
- Fuente: isni
040 ## - FUENTE DE CATALOGACIÓN
- Centro catalogador/agencia de origen: SpMaBN
- Lengua de catalogación: spa
- Centro/agencia transcriptor: SpMaBN
- Normas de descripción: rdc
- Convención/Normas de encabezamiento de materia/tesauro: embne
100 1# - ENCABEZAMIENTO-NOMBRE DE PERSONA
- Nombre de persona: Losada, Miguel
373 ## - GRUPO ASOCIADO
- Grupo asociado: Ateneo de Madrid
- Período de inicio: 1984
- Fuente de información: Censo mensual de socios 2023; Olmos, Víctor. Ágora de la libertad: historia del Ateneo de Madrid (2018-2019)
375 ## - GÉNERO/SEXO
- Género: Masculino
377 ## - IDIOMA ASOCIADO
- Código del idioma: spa
- Término de lengua/lenguaje: Español
400 1# - TRAZADO DE VÉASE--NOMBRE DE PERSONA
- Nombre de persona: Losada González, Miguel
670 ## - FUENTE DE DATOS ENCONTRADOS
- Cita de la fuente: Los campos de la noche, 1998
- Información encontrada: port. (Miguel Losada)
670 ## - FUENTE DE DATOS ENCONTRADOS
- Cita de la fuente: Cien películas para amar el cine, 2003
- Información encontrada: port. (Miguel Losada)
670 ## - FUENTE DE DATOS ENCONTRADOS
- Cita de la fuente: WWW Agencia Española ISBN, 23-2-2004
- Información encontrada: (Losada González, Miguel)
678 ## - DATOS BIOGRÁFICOS O HISTÓRICOS
- Datos biográficos o históricos: Socio del Ateneo de Madrid n. 11886; ingresó el 20/3/1984. Socio bibliotecario del Ateneo en 1991-94 y 2007-09
- Ampliación de la nota: Fuentes: Censo mensual de socios 2023; Olmos, Víctor. Ágora de la libertad: historia del Ateneo de Madrid (2018-2019)
